| 000 | 00815cam a2200265 a 4500 | ||
|---|---|---|---|
| 001 | 281 | ||
| 003 | BD-RjUL | ||
| 005 | 20211208233140.0 | ||
| 008 | 160720s1982 txua 001 0 eng | ||
| 020 | _a0256022879 (pbk.) | ||
| 035 |
_a(BD-RjUL)298 _a (OCLC)8169792 |
||
| 040 |
_aDLC _cDLC _dDLC _dBD-RjUL _beng |
||
| 041 | _aeng | ||
| 082 | 0 | 0 |
_a001.6424 _219 _bBOI 1982 |
| 100 | 1 |
_aBonno, John A. _9913 |
|
| 245 | 1 | 0 |
_aIntroduction to COBOL / _cJohn A. Bonno, Kent T. Fields. |
| 260 |
_aPlano, Tex. : _bBusiness Publications ; _aGeorgetown, Ont. : _bIrwin-Dorsey, _cc1982. |
||
| 300 |
_ax, 497 p. : _bill. ; _c24 cm. |
||
| 504 | _aIncludes index. | ||
| 526 | _bComputer science | ||
| 650 | 0 |
_aCOBOL (Computer program language) _9914 |
|
| 700 | 1 |
_aFields, Kent T. _9915 |
|
| 942 |
_2ddc _cBK |
||
| 999 |
_c281 _d281 |
||